Yeast technology
Sparad:
| Huvudupphovsmän: | , |
|---|---|
| Materialtyp: | Bok |
| Språk: | engelska |
| Publicerad: |
Westport
AVI
1973
|
| Ämnen: | |
| Taggar: |
Lägg till en tagg
Inga taggar, Lägg till första taggen!
|
MARC
| LEADER | 00000nam a2200000 a 4500 | ||
|---|---|---|---|
| 001 | UCU7521 | ||
| 003 | CL-VaPUC | ||
| 008 | 960705e19730000US |||||||||||||||||eng|d | ||
| 082 | 0 | 4 | |a 589.233 |b REE |2 21 |
| 100 | 0 | |a Reed, Gerald |e author |9 366397 | |
| 700 | 0 | |a Peppler, Henry J |e author |9 366398 | |
| 245 | 1 | 0 | |a Yeast technology |
| 300 | |a 378 p | ||
| 942 | |c BK | ||
| 945 | |d 19960705 00:00:00 |a cmena | ||
| 260 | |a Westport |b AVI |c 1973 | ||
| 650 | 7 | |a LEVADURAS |2 CL-VaPUC |9 338082 | |
| 650 | 0 | |a Fermentación |9 259565 | |
| 650 | 0 | |a Reacciones químicas |9 259438 | |
| 650 | 0 | |a Biotecnología |9 259561 | |
| 650 | 7 | |a FENOMENOS BIOQUIMICOS |2 CL-VaPUC |9 360969 | |
| 583 | |a last modification |c 19960705 00:00:00 |k Rodrigo Vera | ||
| 999 | |c 250142 |d 250140 | ||
| 952 | |0 0 |1 0 |4 0 |6 589_233000000000000_REE_1973 |7 0 |8 A |9 267967 |a BIBING |b BIBING |d 2019-11-19 |i 1704281 |o 589.233 REE 1973 |p 1704281 |r 2025-01-20 |w 2019-11-19 |y BK |k EIB | ||